000 00759nam a2200253Ia 4500
003 OSt
005 20220925232537.0
006 a|||||r|||| 00| 0
007 ta
008 220923b |||||||| |||| 00| 0 eng d
020 _a817154892X
037 _cGeneral Book
040 _aRTL
_cRTL
_beng
041 _2eng
_aeng
082 _aV44Q7,1y7M76, P1
100 _aZakaria Rafiq
_913850
245 0 _aMan Who divided India
_b An insight into jinnah's leadership and its aftermath
260 _aMumbai
_bPopular Prakashan
_c2001
300 _axvi,276p
_ccm.
500 _aBibliography P253-261
650 _aPresident Pakistan
_9241950
942 _hV44Q7,1y7M76, P1
_cGB
_2CC
999 _c591579
_d591579